Los primeros hombres en la luna (Registro nro. 67967)
[ vista simple ]
| 000 -LÍDER | |
|---|---|
| Campo fijo de descripción fija | 01292nam a2200193 i 4500 |
| 001 - NÚMERO DE CONTROL | |
| Campo de control | 768714001 |
| 003 - IDENTIFICADOR DEL NÚMERO DE CONTROL | |
| Campo de control | CO-MdFUSB |
| 005 - FECHA Y HORA DE LA ULTIMA TRANSACCIÓN | |
| control field | 20220715155328.0 |
| 008 - ELEMENTOS DE LONGITUD FIJA -- INFORMACIÓN GENERAL | |
| Campo fijo de descripción fija -- Información general | 220715t1984 ck |||| |||| 00| 0 spa d |
| 040 ## - FUENTE DE CATALOGACIÓN | |
| Idioma de catalogación | spa |
| Agencia que realiza la transcripción | CO-MdFUSB |
| Agencia que realiza la modificación | CO-MdFUSB |
| 041 ## - CÓDIGO DE IDIOMA | |
| Código de idioma para texto/pista de sonido o título separado | spa |
| 100 ## - ASIENTO PRINCIPAL--NOMBRE PERSONAL | |
| Nombre personal | Wells, Herbert George, |
| Término relacionador | autor |
| 245 #4 - TÍTULO | |
| Título | Los primeros hombres en la luna |
| Mención de responsabilidad | / Herbert George Wells |
| 300 ## - DESCRIPCIÓN FÍSICA | |
| Extensión | Volumen 5, (1984) páginas 493-634 |
| 520 ## - NOTA DE RESUMEN, ETC. | |
| Nota de sumario, etc. | Relata el viaje a la Luna por parte de los dos protagonistas principales: el empobrecido empresario Mr. Bedford, y el brillante pero excéntrico científico Dr. Cavor, el creador de una sustancia anti-gravitatoria (obtenida a base de Helio y metales fundidos) a la que bautiza como cavorita. Con ella recubren una rudimentaria nave espacial que, de este modo, asciende sin peso en dirección a la Luna; al llegar descubren que está habitada por una civilización extraterrestre, que habita las cavernas del subsuelo, que deciden llamar «selenitas». Los primeros hombres sobre la luna supone una de las obras más conocidas de su autor, el pionero de la ciencia ficción H. G. Wells. |
| 653 ## - TÉRMINO DE INDIZACIÓN - NO CONTROLADO | |
| Término no controlado | Literatura inglesa |
| 773 0# - ASIENTO DE ITEM FUENTE | |
| Biblionumber | 67924 |
| Itemnumber | 81131 |
| Asiento principal | Oveja Negra, |
| Otro identificador del ítem | 24694 |
| Título | Maestros de la literatura universal |
| Número de control del registro | (CO-MdFUSB)768714001 |
| International Standard Book Number | 8482806718 |
| 942 ## - TIPO DE MATERIAL (KOHA) | |
| Tipo de Item KOHA | Libros General |
No hay ítems disponibles.
